[Event "Krasnodar"]
[Site "Krasnodar"]
[Date "2000.??.??"]
[Round "1"]
[White "Maiorov, Oleg Ivanovich"]
[Black "Zhenetl, Roman"]
[Result "1-0"]
[WhiteElo "2436"]
[BlackElo "2371"]
[PlyCount "79"]
[EventDate "2000.??.??"]
[EventType "tourn"]
[EventRounds "11"]
[EventCountry "RUS"]
[EventCategory "11"]
[SourceTitle "EXT 2001"]
[Source "ChessBase"]
[SourceDate "2000.11.22"]
[SourceVersion "1"]
[SourceVersionDate "2000.11.22"]
[SourceQuality "1"]

1. e4 e6 2. d4 d5 3. e5 c5 4. c3 Nc6 5. Nf3 Nge7 6. Bd3 cxd4 7. cxd4 Nf5 8. Bxf5 exf5 9. Nc3 Be6 10. h4 Qb6 11. Ne2 Rc8 12. 0-0 h6 13. Nf4 g6 14. b3 Be7 15. g3 Kd7 16. Kg2 g5 17. hxg5 hxg5 18. Nxg5 Qxd4 19. Qxd4 Nxd4 20. Nf3 Nxf3 21. Kxf3 Bb4 22. Be3 Bc3 23. Rad1 Bxe5 24. Nxd5 Bxd5+ 25. Rxd5+ Ke6 26. Ra5 a6 27. Re1 f6 28. Bd4 Kd6 29. Raxe5 fxe5 30. Bxe5+ Kd5 31. Bxh8 Rxh8 32. Kf4 Rh2 33. Re2 Kd4 34. Kxf5 b5 35. g4 b4 36. Re4+ Kc3 37. Rc4+ Kb2 38. Rxb4 Rxf2+ 39. Rf4 Rg2 40. Ra4 1-0